El objeto del delito y de la tutela jurídica penal: contribución a las teorías generales del delito y de la pena
Na minha lista:
| Autor principal: | |
|---|---|
| Formato: | Livro |
| Idioma: | espanhol |
| Publicado em: |
Buenos Aires
B de F
2001
|
| Edição: | 1a. ed |
| Assuntos: | |
| Tags: |
Adicionar Tag
Sem tags, seja o primeiro a adicionar uma tag!
|
MARC
| LEADER | 00000nam a2200000 a 4500 | ||
|---|---|---|---|
| 001 | UCK2954 | ||
| 003 | CL-VaPUC | ||
| 008 | 050401e20010000AG |||||||||||||||||spa|d | ||
| 020 | |a 9879833457 | ||
| 082 | 0 | 4 | |a 345.02 |b ROC |2 21 |
| 100 | 0 | |a Rocco, Arturo |e author |9 490988 | |
| 245 | 1 | 3 | |a El objeto del delito y de la tutela jurídica penal: contribución a las teorías generales del delito y de la pena |
| 250 | |a 1a. ed | ||
| 300 | |a 628 p | ||
| 942 | |c BK | ||
| 945 | |d 20050401 00:00:00 |a cmena | ||
| 260 | |a Buenos Aires |b B de F |c 2001 | ||
| 650 | 0 | |a Delitos |9 224143 | |
| 650 | 0 | |a Penas |9 255927 | |
| 650 | 0 | |a Procedimiento penal |9 254974 | |
| 650 | 0 | |a Derecho procesal penal |9 256392 | |
| 583 | |a last modification |c 20050401 00:00:00 |k Rodrigo Vera | ||
| 999 | |c 312343 |d 312341 | ||
| 952 | |0 0 |1 0 |4 0 |6 345_020000000000000_ROC_2001 |7 0 |8 A |9 382452 |a BIBDER |b BIBDER |d 2019-11-21 |i 4105141 |o 345.02 ROC 2001 |p 4105141 |r 2019-11-21 |w 2019-11-21 |y BK |k DER | ||